000
00296nam a2200121Ia 4500
008
190902s9999||||xx |||||||||||||| ||und||
020
_a
0-534-03053-X
100
_a
Mohapatra,Pratap K.J.
245
0
_a
Software Engineering
260
_a
India
_b
The McGraw-Hill
_c
2010
300
_a
474
942
_c
BK
999
_c
2772
_d
2772